Statistics for High School Musical Characters

Click here to take the quiz!

General Stats

  • This quiz has been taken 659 times
  • The average score is 10 of 22

Answer Stats

Hint Answer % Correct
BoltonTroy
99%
EvansSharpay
97%
MontezGabriella
96%
EvansRyan
94%
DanforthChad
92%
NielsenKelsi
85%
McKessieTaylor
84%
BaylorZeke
63%
CoxMartha
55%
Sharpay's DogBoi
53%
Drama TeacherMs Darbus
49%
CrossJason
44%
GoldTiara
32%
BoltonJack
23%
ZaraJimmie
22%
DionDonny
11%
MatsuiDave
6%
EvansVance
5%
FultonThomas
5%
EvansDarby
4%
DanforthCharlie
4%
BoltonLucille
4%

Score Distribution

Percentile by Number Answered

Percent of People with Each Score

Your Score History

You have not taken this quiz